000 00611nam a2200205Ii 4500
003 JO-AjNU
008 230606s9999||||xx |||||||||||||| ||und||
020 _a1-931841-95-0
040 _aJO-AjNU
_beng
_erda
_cJO-AjNU
041 _aeng
050 1 4 _aQA76.73.B3.M563.2002
100 3 _aWork,Lipyd/Miller,Jay,
_eauthor
_91217
245 0 0 _aLearn microsoft visual Basic.net in aweekend
264 3 1 _aUSA:premier press,2002
300 _a346p
336 _atext
_btxt
_2rdacontent
337 _aunmediated
_bn
_2rdamedia
338 _avolume
_bnc
_2rdacarrier
650 4 _aBASIC (Computer program language) 
_91218
999 _aE640
_c640
_d640